00633nam a2200181 i 4500001000700000003000900007005001700016008004100033040002000074100002100094245010300115260008400218300002700302490001700329651004100346830001700387852004700404163977ES-MaACL20230906212841.0050727s1888 sp | |||||||| ||spa d aCAM bspa cCAM1 aRosetty, José.10aGuía oficial de Cadiz, su provincia y departamento b: 1888-Año XXXIV / cpor José Rosetty. aCádiz : b[s.n.], c1888 (fImprenta de la Revista médica de Federico Joly) a551, 247 p. ; c22 cm.1 aGuia Rosetty 4aCádiz (Provincia)-xDescripción.0 aGuia Rosetty aES-MaACLjG-11526 z-- Enc. cart. original